Understanding climate change impacts on crop productivity and water balance.
Uloženo v:
| Hlavní autoři: | , , , |
|---|---|
| Médium: | Neznámo |
| Jazyk: | angličtina |
| Vydáno: |
London, United Kingdom:
Elsevier; Academic Press,
2018.
|
| Témata: | |
| Tagy: |
Přidat tag
Žádné tagy, Buďte první, kdo vytvoří štítek k tomuto záznamu!
|
MARC
| LEADER | 00000 a2200000 4500 | ||
|---|---|---|---|
| 003 | CL-VaPUC | ||
| 005 | 20221013174646.0 | ||
| 008 | 221005t2018 ||||| |||| 00| 0 eng d | ||
| 999 | |c 438475 |d 438473 | ||
| 020 | |a 978-0-12-809520-1 | ||
| 040 | |c Pontificia Universidad Católica de Valparaíso | ||
| 082 | 7 | |a 363.73874 JAL 2018 |2 22 | |
| 100 | |a Jalota, S.K. |9 875890 |e author | ||
| 245 | |a Understanding climate change impacts on crop productivity and water balance. | ||
| 260 | |a London, United Kingdom: |b Elsevier; |b Academic Press, |c 2018. | ||
| 300 | |a 223 páginas. | ||
| 583 | |c 20221005 | ||
| 650 | |a Cambio climático |x Producción de cultivos |x Daños |9 877395 | ||
| 650 | |a Gases de efecto invernadero |9 877396 | ||
| 700 | |a Vashisht, B.B. |e author |9 877388 | ||
| 700 | |a Sharma, Sandeep |e author |9 877389 | ||
| 700 | |a Kaur, Samanpreet |e author |9 877390 | ||
| 942 | |2 ddc |c BK | ||
| 952 | |0 0 |1 0 |2 ddc |4 0 |6 363_738740000000000_JAL_2018 |7 0 |8 A |9 587073 |a BIBING |b BIBING |d 2022-10-05 |e 74 |g 77038.00 |i 5654973 |o 363.73874 JAL 2018 |p 5654973 |r 2025-01-20 |t 2 |v 77038.00 |w 2022-10-05 |y BK |k GEO | ||
| 952 | |0 0 |1 0 |2 ddc |4 0 |6 363_738740000000000_JAL_2018 |7 0 |8 A |9 587074 |a BIBING |b BIBING |d 2022-10-05 |e 74 |g 77038.00 |i 5654972 |o 363.73874 JAL 2018 |p 5654972 |r 2025-01-20 |t 1 |v 77038.00 |w 2022-10-05 |y BK |k GEO | ||
| 952 | |0 0 |1 0 |2 ddc |4 0 |6 363_738740000000000_JAL_2018 |7 0 |8 A |9 587075 |a BIBING |b BIBING |d 2022-10-05 |e 74 |g 77038.00 |i 5654974 |o 363.73874 JAL 2018 |p 5654974 |r 2025-01-20 |t 3 |v 77038.00 |w 2022-10-05 |y BK |k GEO | ||